Statistiques concernant Box office 2006 par images restreintes

Cliquez ici pour prendre le quiz!

Statistiques générales

  • Ce quiz a été pris 146 fois
  • Le résultat moyen est 7 sur 12

Statistiques - réponses

Réponse% Correct
L'Âge de glace 2
98%
Arthur et les Minimoys
92%
Camping
90%
Pirates des Caraïbes 2 : Le Secret du coffre maudit
90%
Casino Royale
83%
Da Vinci Code
77%
Les Bronzés 3 : Amis pour la vie
59%
Je vous trouve très beau
17%
La Doublure
17%
Ne le dis à personne
17%
Indigènes
9%
Prête-moi ta main
8%

Distribution des résultats

Percentile par nombre de réponses

% des personnes avec chaque résultat

Votre développement - résultats

Vous n’avez pas pris ce quiz